000 00500nam a2200181Ia 4500
005 20250326143203.0
008 250326s9999 xx 000 0 und d
037 _aTextbook
040 _aFMSL
_beng
_cFMSL
041 _aeng
_2eng
084 _aX:74.1 P2
_qFMSL
100 _aMcdonald F
_9747334
245 0 _aInternational business
_cMcdonald F; Burton F
260 _aUnited
_bUnited, States Thomson
_c2002
300 _a374p
942 _cTB
_hX:74.1 P2
999 _c1298508
_d1298508